Statistics for Online Music Trivia Quiz

Click here to take the quiz!

General Stats

  • This quiz has been taken 6 times
  • The average score is 11 of 15

Answer Stats

HintAnswer% Correct
Artist who collaborated with JPEGMAFIA on the 2023 Album "Scaring the Hoes"Danny Brown
100%
Name an Artist Anthony Fantano has given a 10/10 on release to.Death Grips | Swans | Kendrick Lamar | Kids See Ghosts | Daughters | Spellling | Lingua Ignota
100%
This 1991 album is often considered the greatest Shoegaze Album of all time.loveless
100%
This Hyperpop duos Album Titles are increased tenfold.100 gecs
75%
This famous Aphex Twin song was sampled in Kanye Wests Blame Game.Avril 14th
75%
This composer created the Minecraft Soundtrack.C418
75%
This Scottish Dream pop Trio released albums such as Head over Heels or Blue Bell Knoll and is often made fun of for having incomprehensible lyrics.Cocteau Twins
75%
This bands final live performance with frontman Shinji Sato was released as a critically acclaimed live album in 1999.Fishmans
75%
This Canadian Post-Rock Band is notorious for having very long songs, sometimes even surpassing the 30 Minute Mark.Godspeed You! Black Emperor
75%
This 1998 Indie Album features songs like "Communist Daughter" and "Holland, 1945"In The Aeroplane Over the Sea
75%
American Songwriter, who only released one Album, then drowned in the Mississippi River in 1997.Jeff Buckley
75%
This Midwest Emo Bands Debut Album features a house on the cover, that has become a landmark in the emo community.American Football
50%
This Scottish Electronic Music Duo is known for being very secretive and often sampling childrens voices.Boards of Canada
50%
Front man of Car Seat HeadrestWill Toledo
50%
This German band influenced many later legendary bands with their sound, including LCD Soundsystem, David Bowie, Joy Division and Talking Heads.Can
25%

Score Distribution

Percentile by Number Answered

Percent of People with Each Score

Your Score History

You have not taken this quiz